| 000 | 00855cab a2200253 4500 | ||
|---|---|---|---|
| 001 | ABS56226 | ||
| 008 | 090401t1996 xxu||||| |||| 00| 0 eng d | ||
| 035 | _a(Sirsi) u22049 | ||
| 041 | _aeng | ||
| 100 | _aGunson, M. | ||
| 245 | _aShedding light on tenant rights | ||
| 260 | _c1996 | ||
| 350 | _a0 | ||
| 490 |
_aEstates Gazette _v(9648) 30 November 1996, 146-147(2) |
||
| 520 | _aExplains that under the Law of Property Act 1925 s62 a tenant may enjoy the same rights to light as those to which the landlord is entitled. Outlines how and why a landlord may exclude a tenant`s participation in these rights. | ||
| 650 | _aEASEMENTS | ||
| 650 | _aLAW OF PROPERTY ACT 1925 S62 | ||
| 650 | _aLEASES | ||
| 650 | _aRIGHT TO LIGHT | ||
| 650 | _aTENANTS | ||
| 690 | _aLANDLORD AND TENANT-BUSINESS TENANCIES | ||
| 942 | _n0 | ||
| 948 | _c04/03/1997 | ||
| 999 |
_c14765 _d14765 |
||